000 01226nam0a2200337 4500
001 RU\NLR\BIBL_A\022477406
005 20260406145548.0
010 _a978-5-17-166233-2
_92000
035 _a(NLR Aleph) 022477406
090 _a13373134
_c13373134
100 _a20250304d2024 |||y0rusy50 ca
101 0 _aeng
102 _aRU
105 _ay j 000ay
181 0 _ai4
_baxxe
182 0 _an
200 1 _aThe Great Gatsby
_fF. Scott Fitzgerald
_gадаптация текста, упражнения и словарь К. Темурян
203 _aТекст
_bвизуальный
_cнепосредственный
210 _aМосква
_cАСТ, Lingua
_d2024 (макет 2025)
215 _a123 с.
_d24
225 1 _aEnglish classics
_egraded readers
_hB2
_iUpper-intermediate
333 _a12+
541 1 _aВеликий Гэтсби
606 1 _aАнглийский язык
_jКниги для чтения
_9972309
_3RU\NLR\AUTH\6646032
686 1 _aШ143.21-93рус91
700 1 _8eng
_7ba
_aFitzgerald
_bF. S.
_f1896-1940
_gFrancis Scott
_3RU\NLR\AUTH\774723
_9114700
702 1 _aTemurjan
_bK.T.
_4010
942 _cBOOK
980 _aNB